[Event "Olympiad-33"]
[Site "Elista"]
[Date "1998.10.04"]
[Round "6.2"]
[White "Galego, Luis"]
[Black "Ismail, Abdullah Ahmed"]
[Result "1-0"]
[WhiteElo "2425"]
[BlackElo "2040"]
[PlyCount "79"]
[EventDate "1998.09.29"]
[EventType "team-swiss"]
[EventRounds "13"]
[EventCountry "RUS"]
[SourceTitle "CBM 068"]
[Source "ChessBase"]
[SourceDate "1999.02.01"]
[SourceVersion "1"]
[SourceVersionDate "1999.02.01"]
[SourceQuality "1"]
[WhiteTeam "Portugal"]
[BlackTeam "Malaysia"]
[WhiteTeamCountry "POR"]
[BlackTeamCountry "MAS"]

1. e4 d5 2. exd5 Qxd5 3. Nc3 Qa5 4. Nf3 Nf6 5. Bc4 Nc6 6. h3 Bf5 7. d3 e6 8. Bd2 Bb4 9. a3 Bxc3 10. Bxc3 Qc5 11. b4 Qd6 12. b5 Ne7 13. Bb4 Qd8 14. 0-0 0-0 15. Nh4 Bg6 16. Nxg6 hxg6 17. Qf3 b6 18. Rfe1 Re8 19. Bc3 Nf5 20. a4 Qd7 21. a5 Nd4 22. Bxd4 Qxd4 23. axb6 cxb6 24. Ra6 Qc3 25. Qe2 Nh5 26. Rea1 Nf4 27. Qf3 g5 28. g3 Ng6 29. Qe3 g4 30. hxg4 Qxc2 31. Kg2 Red8 32. Rxa7 Rxa7 33. Rxa7 Qd1 34. Qe4 Rf8 35. Qd4 e5 36. Qe4 Kh8 37. Qf5 Qd2 38. Bxf7 Rxf7 39. Qxf7 Qh6 40. Ra8+ 1-0

[Event "Olympiad-33"]
[Site "Elista"]
[Date "1998.10.01"]
[Round "3.2"]
[White "Ismail, Abdullah Ahmed"]
[Black "Volpinari, Danilo"]
[Result "1-0"]
[WhiteElo "2040"]
[BlackElo "2115"]
[PlyCount "39"]
[EventDate "1998.09.29"]
[EventType "team-swiss"]
[EventRounds "13"]
[EventCountry "RUS"]
[SourceTitle "CBM 068"]
[Source "ChessBase"]
[SourceDate "1999.02.01"]
[SourceVersion "1"]
[SourceVersionDate "1999.02.01"]
[SourceQuality "1"]
[WhiteTeam "Malaysia"]
[BlackTeam "San Marino"]
[WhiteTeamCountry "MAS"]
[BlackTeamCountry "SMR"]

1. d4 Nf6 2. Bg5 e6 3. e4 Be7 4. e5 Nd5 5. Bxe7 Qxe7 6. c4 Nb6 7. Nc3 d6 8. Qg4 g6 9. Nf3 Nc6 10. 0-0-0 Bd7 11. Nb5 0-0-0 12. exd6 cxd6 13. Qg3 Be8 14. d5 exd5 15. cxd5 Nb4 16. Qg4+ Kb8 17. Qxb4 Rc8+ 18. Kb1 Rc5 19. Bd3 Nxd5 20. Qd4 1-0